000
00306nam a22001337a 4500
020
_a
818269592-9
082
_a
001
_b
BHA/GK
100
_a
BHATT, TANU
245
_a
GK: UPDATE YOURSELF
260
_a
DELHI
_b
BLACK ROSE PUBLICATIONS
_c
2009
300
_a
240
650
_a
GENERAL KNOWLEDGE
_z
INDIA
942
_c
BK
999
_c
6300
_d
6300